The structure and properties of Tio X and Zro X coatings on technically pure titanium alloy; Известия вузов. Физика; V. 58, № 9-3
| Parent link: | Известия вузов. Физика: научный журнал/ Национальный исследовательский Томский государственный университет (ТГУ).— , 1957- V. 58, № 9-3.— 2015.— [P. 3-6] |
|---|---|
| Körperschaft: | |
| Weitere Verfasser: | , , , , , , |
| Zusammenfassung: | Title screen Complex investigation of the structure, mechanical properties and hydrogen permeability was done in this work for pure titanium alloy with TiO x and ZrO x coatings. Both coatings are porous and have a lot of particles in it. The main phase for titanium oxide coating is TiO 2, and for zirconium oxide it is Zr 3O. Titanium with 3 µm TiO x coating have a critical load F 1 and F 2 equal to 3.96 and 7.85 respectively. For titanium with 1 µm ZrO x coating these values are 0.87 and 3.73. Hydrogen sorption rate at temperature 450 °C decreases in 1.13 and 1.26 times for ZrO x and TiO x coatings respectively. Режим доступа: по договору с организацией-держателем ресурса |
| Sprache: | Englisch |
| Veröffentlicht: |
2015
|
| Schlagworte: | |
| Online-Zugang: | http://elibrary.ru/item.asp?id=25225077 |
| Format: | MixedMaterials Elektronisch Buchkapitel |
| KOHA link: | https://koha.lib.tpu.ru/cgi-bin/koha/opac-detail.pl?biblionumber=646682 |
MARC
| LEADER | 00000naa0a2200000 4500 | ||
|---|---|---|---|
| 001 | 646682 | ||
| 005 | 20251122071714.0 | ||
| 035 | |a (RuTPU)RU\TPU\network\11818 | ||
| 035 | |a RU\TPU\network\11609 | ||
| 090 | |a 646682 | ||
| 100 | |a 20160311d2015 k||y0rusy50 ba | ||
| 101 | 0 | |a eng | |
| 102 | |a RU | ||
| 135 | |a drnn ---uucaa | ||
| 181 | 0 | |a i | |
| 182 | 0 | |a b | |
| 200 | 1 | |a The structure and properties of Tio X and Zro X coatings on technically pure titanium alloy |f E. V. Berezneeva [et al.] | |
| 203 | |a Text |c electronic | ||
| 300 | |a Title screen | ||
| 320 | |a [References: p. 6 (18 tit.)] | ||
| 330 | |a Complex investigation of the structure, mechanical properties and hydrogen permeability was done in this work for pure titanium alloy with TiO x and ZrO x coatings. Both coatings are porous and have a lot of particles in it. The main phase for titanium oxide coating is TiO 2, and for zirconium oxide it is Zr 3O. Titanium with 3 µm TiO x coating have a critical load F 1 and F 2 equal to 3.96 and 7.85 respectively. For titanium with 1 µm ZrO x coating these values are 0.87 and 3.73. Hydrogen sorption rate at temperature 450 °C decreases in 1.13 and 1.26 times for ZrO x and TiO x coatings respectively. | ||
| 333 | |a Режим доступа: по договору с организацией-держателем ресурса | ||
| 461 | |t Известия вузов. Физика |o научный журнал |f Национальный исследовательский Томский государственный университет (ТГУ) |d 1957- | ||
| 463 | |t V. 58, № 9-3 |v [P. 3-6] |d 2015 | ||
| 610 | 1 | |a электронный ресурс | |
| 610 | 1 | |a труды учёных ТПУ | |
| 610 | 1 | |a покрытия | |
| 610 | 1 | |a водород | |
| 610 | 1 | |a титановые сплавы | |
| 701 | 1 | |a Berezneeva |b E. V. |c physicist |c engineer at Tomsk Polytechnic University, candidate of technical Sciences |f 1988- |g Ekaterina Vladimirovna |3 (RuTPU)RU\TPU\pers\34231 |9 17762 | |
| 701 | 1 | |a Kudiyarov |b V. N. |c physicist |c Associate Professor of Tomsk Polytechnic University, Candidate of Technical Sciences |f 1990- |g Victor Nikolaevich |y Tomsk |3 (RuTPU)RU\TPU\pers\30836 |9 15083 | |
| 701 | 1 | |a Pushilina |b N. S. |c physicist |c associate Professor of Tomsk Polytechnic University, candidate of physico-mathematical Sciences |f 1984- |g Natalia Sergeevna |3 (RuTPU)RU\TPU\pers\30838 |9 15085 | |
| 701 | 1 | |a Nikolaeva |b A. N. |g Aleksandra Nikolaevna | |
| 701 | 1 | |a Chernov |b I. P. |c Doctor of Physical and Mathematical Sciences (DSc), Professor of the Department of General Physics of Tomsk Polytechnic University (TPU) |f 1935- |g Ivan Petrovich |3 (RuTPU)RU\TPU\pers\30202 |9 14596 | |
| 701 | 1 | |a Vlasov |b V. A. |c Russian scientist, one of leading specialists in Russia in the physics, plasma chemistry and molecular physics fields |c Professor of TPU |f 1958- |g Viktor Alekseevich |9 12194 | |
| 701 | 1 | |a Krysina |b O. V. |g Olga Vasiljevna | |
| 712 | 0 | 2 | |a Национальный исследовательский Томский политехнический университет |b Физико-технический институт |b Кафедра общей физики |3 (RuTPU)RU\TPU\col\18734 |9 27183 |
| 801 | 2 | |a RU |b 63413507 |c 20160328 |g RCR | |
| 856 | 4 | |u http://elibrary.ru/item.asp?id=25225077 | |
| 942 | |c CF | ||